000 00352nam a2200133Ia 4500
008 210210b1969 xxu||||| |||| 00| 0 eng d
082 _a304.6 HEES
100 _aHEER (David M).
245 _aSociety and population.
260 _aNew Delhi.
_bPrentice-Hall of India Private Limited
_c1969
300 _aix,118
690 _aPopulation
906 _a040976
999 _c91091
_d91091